Možnosti využitia technológie data mining na zlepšenie podnikových procesov diplomová práca

Guardado en:
Detalles Bibliográficos
Autor principal: Kouřilová, Barbora
Autor Corporativo: Fakulta podnikového manažmentu EU. Katedra informačného manažmentu
Otros Autores: Hamranová, Anna, 1957-
Formato: Libro
Lenguaje:eslovaco
Publicado: Bratislava 2024
Etiquetas: Agregar Etiqueta
Sin Etiquetas, Sea el primero en etiquetar este registro!

MARC

LEADER 00000nbm a2200000 4500
001 0301034
005 20250225093145.8
041 0 |a slo 
044 |a SK 
245 1 0 |a Možnosti využitia technológie data mining na zlepšenie podnikových procesov  |b diplomová práca  |c Barbora Kouřilová ; školiteľ: Anna Hamranová 
264 1 |a Bratislava  |c 2024 
300 |a 64 s. 
100 1 |a Kouřilová, Barbora 
700 1 |a Hamranová, Anna, 1957- 
710 2 |a Fakulta podnikového manažmentu EU. Katedra informačného manažmentu